Военный летчик. Ночной полет.; Pilote de Guerre. Vol de Nuit

書誌詳細
第一著者: Сент-Экзюпери А. Антуан
要約:Книга для чтения на французском языке
Издательство продолжает знакомить читателя с творчеством выдающегося французского писателя XX в. Антуана де Сент-Экзюпери. Глубоко гуманистическая проза Экзюпери, наполненная философским содержанием и лиризмом, заинтересует широкий круг читателей, изучающих французский язык.
言語:フランス語
出版事項: Москва, Менеджер, 2001
主題:
フォーマット: 図書
KOHA link:https://koha.lib.tpu.ru/cgi-bin/koha/opac-detail.pl?biblionumber=62448

MARC

LEADER 00000nam0a2200000 4500
001 62448
005 20231101212014.0
010 |a 5834601316 
035 |a (RuTPU)RU\TPU\book\66231 
090 |a 62448 
100 |a 20040412d2001 m y0rusy50 ba 
101 0 |a fre 
102 |a RU 
105 |a y z 000ay 
200 1 |a Военный летчик. Ночной полет.  |a Pilote de Guerre. Vol de Nuit  |f A. Сент-Экзюпери 
210 |a Москва  |c Менеджер  |d 2001 
215 |a 256 с. 
300 |a Книга для чтения на французском языке 
330 |a Издательство продолжает знакомить читателя с творчеством выдающегося французского писателя XX в. Антуана де Сент-Экзюпери. Глубоко гуманистическая проза Экзюпери, наполненная философским содержанием и лиризмом, заинтересует широкий круг читателей, изучающих французский язык. 
610 1 |a французский язык 
610 1 |a книги для чтения 
610 1 |a французская литература 
610 1 |a 20 век 
610 1 |a повести 
610 1 |a учебные пособия 
686 |a Ш147.11-923.8  |v LBC/SL-A  |2 rubbk 
700 1 |a Сент-Экзюпери  |b А.  |c франзузский писатель  |f 1900-1944  |g Антуан  |2 stltpush  |3 (RuTPU)RU\TPU\pers\6105  |9 1197 
801 1 |a RU  |b 63413507  |c 20040412  |g PSBO 
801 2 |a RU  |b 63413507  |c 20150511  |g PSBO 
942 |c BK